| 000 | 00818nam a2200241 u 4500 | ||
|---|---|---|---|
| 005 | 20240910063931.0 | ||
| 008 | 130528s2005 es r 000 0 spa d | ||
| 020 | _a8466745807 | ||
| 035 | _aUPN01000191365 | ||
| 049 | _aI | ||
| 050 | 4 |
_aPT2708 E4.6 _bC3.7 |
|
| 100 | 1 |
_aHeine, Helme, _d1941- _934071 |
|
| 245 | 1 | 3 |
_aUn caso para los tres amigos : _bmisterios en La Cochambrosa / _cHelme Heine, Gisela von Radowitz. |
| 260 |
_aMadrid : _bAnaya, _c2005. |
||
| 300 |
_a91 p. : _bil. col. |
||
| 534 |
_pTítulo original: _tEin fall fûr freunde : geschichten aus mullewapp |
||
| 650 | 4 |
_aCuentos infantiles alemanes _98589 |
|
| 650 | 0 |
_aCuentos policíacos y de misterio _92405 |
|
| 650 | 0 |
_aAnimales _vCuentos y leyendas _9234 |
|
| 700 | 1 |
_aRadowitz, Gisela von, _ecoaut. |
|
| 905 | _aInfantil | ||
| 999 |
_c163468 _d163468 |
||